[Event "XIII Festival Marco Gerolamo Vida B"]
[Site "Vescovato ITA"]
[Date "2014.04.26"]
[Round "3"]
[White "Frignani, Alessandro"]
[Black "Molinelli, Luigi"]
[WhiteElo "1409"]
[BlackElo "1271"]
[Result "1-0"]
[PlyCount "101"]
[EventDate "2014.04.25"]

1. e4 b6 2. d4 Bb7 3. Nd2 e6 4. Qe2 Nc6 5. c3 Nf6 6. g3 d5 7. e5 Ne4 8. Nxe4
dxe4 9. Bg2 Ne7 10. Bxe4 Bxe4 11. Qxe4 Nd5 12. f4 Qd7 13. c4 Bb4+ 14. Bd2 Bxd2+
15. Kxd2 O-O 16. cxd5 exd5 17. Qd3 g6 18. h3 Rfe8 19. Nf3 a5 20. g4 Qe7 21. a3
c5 22. b3 Qc7 23. Rhc1 Rec8 24. Qb5 Qc6 25. Qxc6 Rxc6 26. Kd3 Rac8 27. Nd2 b5
28. dxc5 Rxc5 29. Rxc5 Rxc5 30. a4 b4 31. Kd4 Rc2 32. Rd1 Rc3 33. h4 Kf8 34.
Kxd5 Rd3+ 35. Ke4 Rd7 36. f5 gxf5+ 37. gxf5 Ke7 38. f6+ Ke6 39. Ke3 Rd5 40. Rf1
Rxe5+ 41. Ne4 Rh5 42. Ng5+ Kd7 43. Rf4 Ke8 44. Kd4 Kd7 45. Kc5 h6 46. Rg4 hxg5
47. hxg5 Ke6 48. Kb5 Kf5 49. Rg3 Kf4 50. Rg1 Rh3 51. g6 1-0

[Event "XIII Festival Marco Gerolamo Vida B"]
[Site "Vescovato ITA"]
[Date "2014.04.26"]
[Round "3"]
[White "Guglielmetti, Oscar"]
[Black "Leone, Cataldo"]
[WhiteElo "1707"]
[BlackElo "1588"]
[Result "1-0"]
[PlyCount "131"]
[EventDate "2014.04.25"]

1. Nf3 d5 2. g3 Nf6 3. Bg2 c6 4. O-O e6 5. d3 Be7 6. Nc3 O-O 7. e4 dxe4 8. dxe4
Nbd7 9. a3 e5 10. h3 h6 11. Be3 Nh7 12. Qe2 Ng5 13. Rad1 Nxf3+ 14. Bxf3 Bg5 15.
Bc5 Be7 16. Be3 Bg5 17. Bg2 Bxe3 18. Qxe3 Qe7 19. Rd2 Nf6 20. Qe2 Be6 21. Rfd1
Rad8 22. Kh2 Rxd2 23. Rxd2 Rd8 24. Nd1 Rxd2 25. Qxd2 Qd7 26. Qxd7 Nxd7 27. Ne3
f6 28. Bf3 Kf7 29. Be2 Nc5 30. f3 Na4 31. Nd1 Ke7 32. Kg2 Kd6 33. b3 Nb6 34. g4
Kc5 35. Kf2 Kd4 36. Ke1 a5 37. Kd2 Nd7 38. Nb2 b5 39. Nd3 b4 40. axb4 axb4 41.
Nxb4 Kc5 42. Nd3+ Kd6 43. Kc3 g5 44. Ne1 Nb6 45. h4 gxh4 46. Bf1 Bf7 47. Bh3 h5
48. Ng2 hxg4 49. Bxg4 Be6 50. Bxe6 Kxe6 51. Nxh4 c5 52. Nf5 Kd7 53. Ne3 Ke6 54.
Nc4 Nd7 55. Kd3 f5 56. c3 f4 57. Kc2 Nf8 58. b4 cxb4 59. cxb4 Ng6 60. b5 Ne7
61. Kc3 Nc8 62. Kb4 Ne7 63. Kc5 Nc8 64. b6 Nxb6 65. Kxb6 Kf6 66. Kc6 1-0

[Event "XIII Festival Marco Gerolamo Vida B"]
[Site "Vescovato ITA"]
[Date "2014.04.26"]
[Round "3"]
[White "Pagani, Fausto"]
[Black "Pedoni, Lorenzo"]
[WhiteElo "1478"]
[BlackElo "1719"]
[Result "1-0"]
[PlyCount "55"]
[EventDate "2014.04.25"]

1. d4 Nf6 2. c4 e6 3. Nc3 Bb4 4. a3 Bxc3+ 5. bxc3 h6 6. Nf3 O-O 7. e3 b6 8. Be2
Bb7 9. O-O d6 10. Nd2 e5 11. Bf3 e4 12. Be2 Re8 13. f3 Qe7 14. f4 Nbd7 15. a4
d5 16. Ba3 c5 17. Rb1 Ba6 18. Qb3 Rac8 19. Rf2 dxc4 20. Nxc4 Qe6 21. f5 Qd5 22.
Rd1 Ng4 23. dxc5 Nxc5 24. Rxd5 Nxb3 25. Nd6 Bxe2 26. Rxe2 Red8 27. Nxc8 Rxd5
28. Ne7+ 1-0

[Event "XIII Festival Marco Gerolamo Vida B"]
[Site "Vescovato ITA"]
[Date "2014.04.26"]
[Round "3"]
[White "Plucani, Germano"]
[Black "Raimondi, Celso"]
[WhiteElo "1410"]
[BlackElo "1667"]
[Result "1/2-1/2"]
[PlyCount "109"]
[EventDate "2014.04.25"]

1. d4 Nf6 2. Nf3 d5 3. e3 c6 4. Nbd2 e6 5. c3 Bd6 6. Bd3 Nbd7 7. e4 dxe4 8.
Nxe4 Nxe4 9. Bxe4 Nf6 10. Bd3 h6 11. O-O O-O 12. Re1 c5 13. dxc5 Bxc5 14. Be3
Qb6 15. Bxc5 Qxc5 16. Qc2 Bd7 17. Rad1 Bc6 18. Ne5 Rac8 19. Nxc6 Qxc6 20. Be4
Nxe4 21. Qxe4 Qb5 22. Qe2 Qc4 23. Qxc4 Rxc4 24. Rd7 Ra4 25. Rxb7 Rxa2 26. Rd1
a5 27. h3 a4 28. Rdd7 a3 29. bxa3 Rxa3 30. c4 Ra1+ 31. Kh2 Raa8 32. c5 Rac8 33.
Rbc7 Rxc7 34. Rxc7 Rd8 35. c6 Kf8 36. Rb7 Rc8 37. c7 Ke7 38. Kg3 Kd7 39. Rb4
Rxc7 40. Rd4+ Ke7 41. f4 Kf6 42. Kg4 g6 43. Rd3 h5+ 44. Kf3 Rc1 45. g3 Kf5 46.
g4+ hxg4+ 47. hxg4+ Kf6 48. Ke4 Rc4+ 49. Rd4 Rxd4+ 50. Kxd4 g5 51. Ke4 gxf4 52.
Kxf4 e5+ 53. Ke4 Kg5 54. Kxe5 Kxg4 55. Kf6 1/2-1/2

[Event "XIII Festival Marco Gerolamo Vida B"]
[Site "Vescovato ITA"]
[Date "2014.04.26"]
[Round "3"]
[White "Rizzi, Pietro"]
[Black "Cecchini, Massimo S."]
[WhiteElo "1597"]
[BlackElo "1749"]
[Result "0-1"]
[PlyCount "66"]
[EventDate "2014.04.25"]

1. e4 c6 2. d4 d5 3. Nc3 dxe4 4. Nxe4 Bf5 5. Ng3 Bg6 6. h4 h6 7. Nf3 Nd7 8. h5
Bh7 9. Bd3 Bxd3 10. Qxd3 e6 11. Bd2 Ngf6 12. O-O-O Be7 13. Ne4 Nxe4 14. Qxe4
Nf6 15. Qe2 Qc7 16. Kb1 O-O 17. c4 Rfd8 18. Bc3 a5 19. Ne5 Bb4 20. Bxb4 axb4
21. Rh3 c5 22. Rhd3 cxd4 23. Rxd4 Rxd4 24. Rxd4 Qb6 25. Rd2 b3 26. a3 Rc8 27.
g4 Qc5 28. f3 b5 29. Nd7 Nxd7 30. Rxd7 bxc4 31. Kc1 c3 32. Rd1 Qg5+ 33. Kb1 c2+
0-1

[Event "XIII Festival Marco Gerolamo Vida B"]
[Site "Vescovato ITA"]
[Date "2014.04.26"]
[Round "3"]
[White "Zordan, Giovanni"]
[Black "Jirillo, Antonio"]
[WhiteElo "1691"]
[BlackElo "1591"]
[Result "1/2-1/2"]
[PlyCount "40"]
[EventDate "2014.04.25"]

1. e4 d5 2. exd5 Nf6 3. Bb5+ Bd7 4. Bxd7+ Qxd7 5. Nc3 Nxd5 6. Nxd5 Qxd5 7. Qf3
Qxf3 8. Nxf3 Nc6 9. O-O g6 10. c3 Bg7 11. d4 O-O 12. Bf4 Rac8 13. Rfe1 Rfe8 14.
Re2 e6 15. Rae1 Ne7 16. Ne5 Bxe5 17. Rxe5 Nd5 18. Bg3 b5 19. a3 c5 20. Rd1 c4
1/2-1/2

[Event "XIII Festival Marco Gerolamo Vida B"]
[Site "Vescovato ITA"]
[Date "2014.04.26"]
[Round "4"]
[White "Bettini, Alessandro"]
[Black "Guglielmetti, Oscar"]
[WhiteElo "1752"]
[BlackElo "1707"]
[Result "1/2-1/2"]
[PlyCount "55"]
[EventDate "2014.04.25"]

1. d4 Nf6 2. Nf3 g6 3. e3 Bg7 4. b3 O-O 5. Bb2 d6 6. c4 Nc6 7. Be2 a5 8. Nc3 e5
9. dxe5 dxe5 10. Qxd8 Rxd8 11. Nb5 Ne8 12. e4 Bg4 13. O-O Bxf3 14. Bxf3 Nd4 15.
Nxd4 exd4 16. Rad1 c5 17. e5 Rab8 18. Rfe1 Nc7 19. Bg4 Ne6 20. Bxe6 fxe6 21.
Rd3 Rf8 22. Bc1 Rf5 23. f4 Rbf8 24. g4 R5f7 25. g5 h5 26. h4 Rb8 27. a4 Rbf8
28. Re4 1/2-1/2

[Event "XIII Festival Marco Gerolamo Vida B"]
[Site "Vescovato ITA"]
[Date "2014.04.26"]
[Round "4"]
[White "Cecchini, Massimo S."]
[Black "Folcini, Gaddo"]
[WhiteElo "1749"]
[BlackElo "1620"]
[Result "1-0"]
[PlyCount "115"]
[EventDate "2014.04.25"]

1. Nf3 e5 2. Nxe5 Nf6 3. d3 Nc6 4. Nf3 d5 5. Bg5 Bg4 6. Nbd2 h6 7. Bh4 g5 8.
Bg3 Bd6 9. Bxd6 Qxd6 10. e3 O-O-O 11. Be2 Rde8 12. d4 Bh5 13. c3 Ng4 14. h3
Nxe3 15. fxe3 Qg3+ 16. Kf1 Rxe3 17. Qe1 Qf4 18. Qf2 Rhe8 19. Re1 f5 20. g3 Qd6
21. Kg2 f4 22. g4 Bg6 23. Bb5 h5 24. Rxe3 fxe3 25. Qe2 exd2 26. Qxd2 h4 27. Qf2
Be4 28. Rf1 Rf8 29. Kg1 Rxf3 30. Qe1 Rg3+ 31. Kf2 Qf4+ 32. Ke2 Qe3+ 33. Kd1
Qd3+ 34. Bxd3 Rxd3+ 35. Kc1 Rxh3 36. Qd2 Na5 37. Qxg5 b6 38. Qf4 Nc4 39. Re1
Rf3 40. Qh2 h3 41. g5 Rd3 42. Re2 Rf3 43. Qg1 Kb7 44. g6 Bd3 45. Re1 h2 46.
Qxh2 Bxg6 47. Qg2 Be4 48. Qg4 Ka6 49. Qc8+ Kb5 50. Qxc7 Rf2 51. Qd7+ Ka6 52.
Qa4+ Na5 53. b4 Bc2 54. Qxc2 Rxc2+ 55. Kxc2 Nc4 56. a4 b5 57. Re6+ Nb6 58. a5
1-0

[Event "XIII Festival Marco Gerolamo Vida B"]
[Site "Vescovato ITA"]
[Date "2014.04.26"]
[Round "4"]
[White "Gallani, Angelo"]
[Black "Maraschi, Alberto"]
[WhiteElo "1476"]
[BlackElo "1318"]
[Result "0-1"]
[PlyCount "50"]
[EventDate "2014.04.25"]

1. d4 c6 2. c4 d5 3. Nf3 Bf5 4. Bf4 e6 5. Nc3 Bb4 6. a4 Qa5 7. Bd2 Nf6 8. Na2
Bxd2+ 9. Nxd2 Ne4 10. b4 Qd8 11. Nxe4 Bxe4 12. c5 O-O 13. f3 Bg6 14. e3 Qh4+
15. g3 Qh6 16. Qe2 f5 17. f4 Bh5 18. Qf2 a6 19. Rb1 Nd7 20. Nc1 Nf6 21. Qa2 Ne4
22. Qb3 Bf3 23. Rg1 Qxh2 24. Ne2 Bxe2 25. Bxe2 Qxg1+ 0-1

[Event "XIII Festival Marco Gerolamo Vida B"]
[Site "Vescovato ITA"]
[Date "2014.04.26"]
[Round "4"]
[White "Grudina, Marco"]
[Black "De Paoli, Emilio"]
[WhiteElo "1769"]
[BlackElo "1780"]
[Result "0-1"]
[PlyCount "62"]
[EventDate "2014.04.25"]

1. e4 e6 2. d4 c5 3. Nf3 cxd4 4. Nxd4 a6 5. Bd3 Qb6 6. Nb3 Nc6 7. Be3 Qc7 8. a3
Nf6 9. Nc3 b5 10. Qd2 Bb7 11. f3 Ne5 12. O-O-O Nxd3+ 13. Qxd3 b4 14. axb4 Bxb4
15. Na4 O-O 16. Bc5 Bxc5 17. Naxc5 Rfc8 18. Rd2 d5 19. e5 Nd7 20. Nxd7 Qxd7 21.
Kb1 a5 22. Nd4 Ba6 23. Qa3 a4 24. f4 Qc7 25. Re1 Rab8 26. Ka1 Bc4 27. f5 Qa5
28. Red1 Rc7 29. fxe6 fxe6 30. Nxe6 Rf7 31. Nd4 Qxd2 0-1

[Event "XIII Festival Marco Gerolamo Vida B"]
[Site "Vescovato ITA"]
[Date "2014.04.26"]
[Round "4"]
[White "Jirillo, Antonio"]
[Black "Bettini, Sofia"]
[WhiteElo "1591"]
[BlackElo "1302"]
[Result "1-0"]
[PlyCount "65"]
[EventDate "2014.04.25"]

1. Nf3 c6 2. c4 d5 3. cxd5 cxd5 4. d4 Nf6 5. Nc3 Bf5 6. Bf4 a6 7. e3 e6 8. Be2
Ne4 9. Qb3 b5 10. O-O Nxc3 11. Qxc3 b4 12. Qd2 Be7 13. Ne5 O-O 14. Rac1 Bd6 15.
Bd3 Bxd3 16. Nxd3 Bxf4 17. Nxf4 a5 18. Nd3 Nd7 19. Nc5 Nxc5 20. Rxc5 Rc8 21.
Rfc1 Rxc5 22. Rxc5 Qb6 23. Qc2 Qd8 24. Qa4 Qb8 25. Qxa5 b3 26. a3 Rc8 27. g3 g6
28. Qc3 Re8 29. a4 Kg7 30. Rb5 Qd6 31. Rxb3 e5 32. dxe5 Rxe5 33. f4 1-0

[Event "XIII Festival Marco Gerolamo Vida B"]
[Site "Vescovato ITA"]
[Date "2014.04.26"]
[Round "4"]
[White "Maffeo, Mauro"]
[Black "Calvi, Luca"]
[WhiteElo "1746"]
[BlackElo "1769"]
[Result "0-1"]
[PlyCount "78"]
[EventDate "2014.04.25"]

1. d4 Nf6 2. e3 d5 3. f4 c5 4. b3 cxd4 5. exd4 Bf5 6. Nf3 e6 7. Bb5+ Nc6 8. O-O
Be7 9. Ne5 Qc7 10. Nd2 O-O 11. Bxc6 bxc6 12. Ndf3 c5 13. c3 cxd4 14. cxd4 Rac8
15. Qe1 Ne4 16. Be3 f6 17. Nd3 Qc2 18. Nf2 Nxf2 19. Rxf2 Qc3 20. Bd2 Qd3 21.
Re2 Be4 22. Re3 Qb5 23. Nh4 Rc2 24. Nf3 Rfc8 25. h4 Qb6 26. Ba5 Qa6 27. a4 R8c6
28. b4 Qc8 29. Kh2 Bd6 30. Qg3 Qb8 31. Rxe4 dxe4 32. Ne5 fxe5 33. fxe5 Be7 34.
b5 R6c4 35. Qg4 Qc8 36. Rd1 Rxa4 37. Be1 Raa2 38. Bg3 Rxg2+ 39. Kh3 Rgc2 0-1

[Event "XIII Festival Marco Gerolamo Vida B"]
[Site "Vescovato ITA"]
[Date "2014.04.26"]
[Round "4"]
[White "Mantovani, Celso"]
[Black "Leone, Cataldo"]
[WhiteElo "1026"]
[BlackElo "1588"]
[Result "0-1"]
[PlyCount "80"]
[EventDate "2014.04.25"]

1. d4 d5 2. e3 Nf6 3. Be2 Bf5 4. Nf3 Nc6 5. O-O Nb4 6. Na3 e6 7. c3 Nc6 8. b4
Bd6 9. h3 Qd7 10. c4 Bxb4 11. c5 O-O 12. Bb2 Ne4 13. Kh1 b6 14. cxb6 axb6 15.
Nc2 Bd6 16. a3 Ra5 17. a4 Rfa8 18. Nce1 Bb4 19. Nd3 Bd6 20. Qc1 Rxa4 21. Qc2
Rxa1 22. Bxa1 Nb4 23. Qb3 Nxd3 24. Bxd3 Ra3 25. Qc2 Qa4 26. Qb2 Rxd3 27. Ne5
Rd2 28. Kh2 Rxb2 29. Bxb2 f6 30. g4 fxe5 31. gxf5 Qc2 32. fxe6 Nxf2 33. dxe5
Bxe5+ 34. Bxe5 Kf8 35. Bf4 Ke7 36. Rg1 Nd3+ 37. Kg3 Nxf4 38. Kxf4 Qf2+ 39. Kg4
Qxg1+ 40. Kh4 Kf6 0-1

[Event "XIII Festival Marco Gerolamo Vida B"]
[Site "Vescovato ITA"]
[Date "2014.04.26"]
[Round "4"]
[White "Pagani, Fausto"]
[Black "Borghi, Dario"]
[WhiteElo "1478"]
[BlackElo "1747"]
[Result "0-1"]
[PlyCount "98"]
[EventDate "2014.04.25"]

1. d4 Nf6 2. c4 g6 3. Nc3 Bg7 4. e4 d6 5. f3 Nbd7 6. Be3 O-O 7. g4 c5 8. d5 Nb6
9. b3 e6 10. Qd2 exd5 11. cxd5 Re8 12. Bg5 Qc7 13. Nb5 Qd7 14. Nc3 Nfxd5 15.
Bb5 Bxc3 16. Bxd7 Bxd2+ 17. Bxd2 Bxd7 18. O-O-O Nc7 19. Bf4 Nc8 20. Bxd6 Nxd6
21. Rxd6 Bc6 22. Ne2 Rad8 23. Rhd1 Rxd6 24. Rxd6 Ne6 25. h4 Rd8 26. Rxd8+ Nxd8
27. Kd2 Ne6 28. Kc3 Bb5 29. Ng3 Nf4 30. Kd2 h5 31. gxh5 Nxh5 32. Nxh5 gxh5 33.
f4 Kg7 34. Ke3 Kf6 35. a3 Ke6 36. Kf3 Bd3 37. Ke3 Bc2 38. b4 cxb4 39. axb4 b6
40. Kd4 f5 41. e5 a5 42. bxa5 bxa5 43. Kc3 Bd1 44. Kd2 Bb3 45. Kc3 a4 46. Kb4
Kd5 47. Ka3 Ke4 48. e6 Bxe6 49. Kxa4 Kxf4 0-1

[Event "XIII Festival Marco Gerolamo Vida B"]
[Site "Vescovato ITA"]
[Date "2014.04.26"]
[Round "4"]
[White "Pedoni, Lorenzo"]
[Black "Barbisotti, Fabio"]
[WhiteElo "1719"]
[BlackElo "1503"]
[Result "1/2-1/2"]
[PlyCount "111"]
[EventDate "2014.04.25"]

1. d4 d6 2. c4 e5 3. dxe5 dxe5 4. Qxd8+ Kxd8 5. e4 Be6 6. Nf3 Nc6 7. a3 Bc5 8.
Nc3 Nf6 9. Ng5 Nd4 10. Nxe6+ fxe6 11. Bd3 Nb3 12. Rb1 Bd4 13. O-O Ke7 14. Bc2
Nc5 15. Nb5 c6 16. Nxd4 exd4 17. e5 Nfd7 18. b4 d3 19. Bd1 Ne4 20. f3 Nc3 21.
Rb3 Nxd1 22. Rxd1 Nxe5 23. f4 Nxc4 24. Rbxd3 Rhd8 25. f5 Rxd3 26. Bg5+ Kf7 27.
Rxd3 exf5 28. Rd7+ Kg6 29. h4 b6 30. a4 Ne5 31. Rd6+ Kh5 32. Bf4 Re8 33. Bxe5
Rxe5 34. Rxc6 Re7 35. g3 Kg4 36. Kf2 g6 37. Rc4+ Re4 38. Rc7 h6 39. Rh7 Kh5 40.
Rxa7 Rxb4 41. Kf3 Rb3+ 42. Kf4 Ra3 43. Ra8 b5 44. a5 b4 45. Rb8 Rxa5 46. Rxb4
g5+ 47. hxg5 hxg5+ 48. Kf3 Ra3+ 49. Kf2 g4 50. Rf4 Kg5 51. Kg2 Kf6 52. Kf2 Ra2+
53. Kg1 Re2 54. Ra4 Re3 55. Kg2 Rf3 56. Ra5 1/2-1/2

[Event "XIII Festival Marco Gerolamo Vida B"]
[Site "Vescovato ITA"]
[Date "2014.04.26"]
[Round "4"]
[White "Raimondi, Celso"]
[Black "Zordan, Giovanni"]
[WhiteElo "1667"]
[BlackElo "1691"]
[Result "1-0"]
[PlyCount "33"]
[EventDate "2014.04.25"]

1. d4 d5 2. c4 dxc4 3. e4 c5 4. Bxc4 Qxd4 5. Qc2 Nf6 6. f3 b6 7. Ne2 Qd7 8.
Nbc3 Ba6 9. Bxa6 Nxa6 10. a3 Qc7 11. Qa4+ Nd7 12. Qxa6 e6 13. Bf4 Bd6 14. Nb5
Nb8 15. Nxc7+ Bxc7 16. Qb7 O-O 17. Qxa8 1-0

[Event "XIII Festival Marco Gerolamo Vida B"]
[Site "Vescovato ITA"]
[Date "2014.04.26"]
[Round "4"]
[White "Rizzi, Pietro"]
[Black "Frignani, Alessandro"]
[WhiteElo "1597"]
[BlackElo "1409"]
[Result "0-1"]
[PlyCount "90"]
[EventDate "2014.04.25"]

1. e4 e5 2. Nf3 Qf6 3. Nc3 c6 4. Bc4 h6 5. O-O d6 6. d4 Nd7 7. d5 Ne7 8. a4 a5
9. Be3 g5 10. Nd2 Qg6 11. Rb1 f5 12. exf5 Nxf5 13. Bd3 Qf7 14. Qf3 Nxe3 15.
Qxf7+ Kxf7 16. fxe3+ Ke7 17. Bg6 Nf6 18. dxc6 bxc6 19. Nde4 Bg7 20. b4 Rf8 21.
b5 cxb5 22. axb5 Bb7 23. Nxf6 Rxf6 24. Rxf6 Kxf6 25. Bh5 Ke7 26. Bf3 Bxf3 27.
gxf3 Ke6 28. Na4 d5 29. b6 Kd6 30. b7 Rb8 31. Rb5 d4 32. exd4 exd4 33. Kf2 Kc6
34. Rxa5 Rxb7 35. Rc5+ Kd6 36. Ra5 Rb1 37. Ra7 Bf8 38. Ra6+ Kc7 39. Ra7+ Kc6
40. Ra8 Bd6 41. Ra6+ Kc7 42. h3 Rb4 43. Ra7+ Kc6 44. c3 dxc3 45. Nxc3 Bc5+ 0-1

[Event "XIII Festival Marco Gerolamo Vida B"]
[Site "Vescovato ITA"]
[Date "2014.04.26"]
[Round "4"]
[White "Takahashi, Saera"]
[Black "Brugaletta, Giorgio"]
[WhiteElo "1474"]
[BlackElo "1750"]
[Result "0-1"]
[PlyCount "110"]
[EventDate "2014.04.25"]

1. Nf3 Nf6 2. g3 g6 3. Bg2 Bg7 4. O-O O-O 5. d3 d5 6. c3 c6 7. Nbd2 Nbd7 8. Re1
Re8 9. a3 e5 10. e4 dxe4 11. dxe4 Nc5 12. Nh4 Be6 13. Qc2 Bh6 14. b4 Nd3 15.
Re2 Nxc1 16. Rxc1 Qb6 17. Rf1 Qa6 18. Bf3 Qxa3 19. Ree1 Qa6 20. Be2 Qb6 21. Nc4
Qc7 22. Rd1 Rad8 23. Nf3 Bxc4 24. Bxc4 b5 25. Bb3 a5 26. bxa5 Qxa5 27. Rxd8
Qxd8 28. Rd1 Qc7 29. Kg2 c5 30. Nd2 c4 31. Ba2 Rd8 32. f3 Qd6 33. Bb1 Qb6 34.
Nf1 Rd6 35. g4 Bf4 36. h4 Qd8 37. Rxd6 Qxd6 38. Qa2 Kg7 39. Qa5 Qc5 40. Bc2 Qc6
41. Qd8 Nd7 42. Qe7 Nc5 43. Ne3 Bxe3 44. Qxe5+ Qf6 45. Qe8 Qxc3 46. Kg3 Qe1+
47. Kh2 Bf4+ 48. Kg2 Qg3+ 49. Kf1 Qxf3+ 50. Ke1 Qg3+ 51. Kf1 Be5 52. Qxb5 Nd3
53. Bxd3 cxd3 54. Qd5 Qf3+ 55. Kg1 Qxg4+ 0-1

[Event "XIII Festival Marco Gerolamo Vida B"]
[Site "Vescovato ITA"]
[Date "2014.04.27"]
[Round "5"]
[White "Barbisotti, Fabio"]
[Black "Guglielmetti, Oscar"]
[WhiteElo "1503"]
[BlackElo "1707"]
[Result "1/2-1/2"]
[PlyCount "62"]
[EventDate "2014.04.25"]

1. Nf3 Nf6 2. g3 g6 3. Bg2 Bg7 4. O-O d6 5. d4 O-O 6. c4 Nc6 7. Nc3 e5 8. dxe5
dxe5 9. Qxd8 Rxd8 10. Nb5 Ne8 11. Bg5 f6 12. Be3 Be6 13. b3 a6 14. Na3 e4 15.
Nd2 f5 16. Rad1 Bf6 17. Nc2 Rd7 18. f3 exf3 19. Nxf3 Rad8 20. Rxd7 Rxd7 21. Ng5
Bxg5 22. Bxg5 Nd6 23. Rd1 Ne4 24. Rxd7 Bxd7 25. Bxe4 fxe4 26. Bf4 Bg4 27. Kf2
Kf7 28. Bxc7 Ke6 29. a3 Kd7 30. Bb6 Ne7 31. Ne3 Be6 1/2-1/2

[Event "XIII Festival Marco Gerolamo Vida B"]
[Site "Vescovato ITA"]
[Date "2014.04.27"]
[Round "5"]
[White "Bettini, Sofia"]
[Black "Rizzi, Pietro"]
[WhiteElo "1302"]
[BlackElo "1597"]
[Result "0-1"]
[PlyCount "54"]
[EventDate "2014.04.25"]

1. d4 f5 2. Nf3 Nf6 3. g3 g6 4. Bg2 Bg7 5. b3 O-O 6. Bb2 d6 7. O-O c6 8. Nbd2
Na6 9. Re1 Nc7 10. e4 fxe4 11. Nxe4 Nxe4 12. Rxe4 Bf5 13. Re2 Bg4 14. Re4 Bf5
15. Re2 Qd7 16. Qe1 Rae8 17. Nd2 Bxc2 18. Ne4 Bxe4 19. Bxe4 e5 20. Qd2 exd4 21.
Bxd4 Bxd4 22. Qxd4 d5 23. Rae1 Qg7 24. Qxg7+ Kxg7 25. Bf3 Rxe2 26. Rxe2 Rxf3
27. Re7+ Rf7 0-1

[Event "XIII Festival Marco Gerolamo Vida B"]
[Site "Vescovato ITA"]
[Date "2014.04.27"]
[Round "5"]
[White "Borghi, Dario"]
[Black "Bettini, Alessandro"]
[WhiteElo "1747"]
[BlackElo "1752"]
[Result "1/2-1/2"]
[PlyCount "132"]
[EventDate "2014.04.25"]

1. c4 Nf6 2. g3 g6 3. Bg2 c5 4. Nc3 Nc6 5. Nf3 Bg7 6. d4 cxd4 7. Nxd4 O-O 8. e3
Qa5 9. O-O Rb8 10. Rb1 Nxd4 11. exd4 d6 12. Re1 Re8 13. Bd2 Qh5 14. Qxh5 Nxh5
15. Be3 Bf5 16. Rbc1 a6 17. h3 Nf6 18. b4 Be6 19. c5 d5 20. a4 h6 21. b5 g5 22.
Red1 axb5 23. axb5 Ra8 24. Ra1 Red8 25. b6 Rdb8 26. Ra7 Rxa7 27. bxa7 Ra8 28.
Ra1 Kf8 29. Nb5 Ne8 30. Ra5 f5 31. f4 Bf6 32. Kh2 Kg7 33. Bf3 Bf7 34. g4 e6 35.
gxf5 exf5 36. fxg5 hxg5 37. Nd6 Nxd6 38. cxd6 Bd8 39. Ra3 Kf6 40. Bf2 Ke6 41.
h4 gxh4 42. Kh3 Kxd6 43. Bxh4 Bxh4 44. Kxh4 Be8 45. Kg5 Bd7 46. Kf6 Rf8+ 47.
Kg7 Ra8 48. Kf7 Be6+ 49. Kf6 Rf8+ 50. Kg5 Ra8 51. Kf4 Bd7 52. Ra5 b5 53. Ra6+
Bc6 54. Kxf5 b4 55. Bd1 Kc7 56. Ba4 Bb7 57. Ra5 Rh8 58. Bb3 Kb6 59. Ra4 Kb5 60.
Ra2 Ba8 61. Kg4 Rc8 62. Kf5 Rc3 63. Rb2 Rc7 64. Ra2 Rc3 65. Rb2 Rc7 66. Ra2 Rc3
1/2-1/2

[Event "XIII Festival Marco Gerolamo Vida B"]
[Site "Vescovato ITA"]
[Date "2014.04.27"]
[Round "5"]
[White "Brugaletta, Giorgio"]
[Black "Pedoni, Lorenzo"]
[WhiteElo "1750"]
[BlackElo "1719"]
[Result "1/2-1/2"]
[PlyCount "28"]
[EventDate "2014.04.25"]

1. Nf3 Nf6 2. g3 e6 3. Bg2 d5 4. d4 Bd6 5. O-O O-O 6. Nbd2 b6 7. Re1 Bb7 8. b3
Nbd7 9. Bb2 c5 10. c4 Re8 11. e3 e5 12. dxe5 Nxe5 13. Nxe5 Bxe5 14. Qc2 Bxb2
1/2-1/2

[Event "XIII Festival Marco Gerolamo Vida B"]
[Site "Vescovato ITA"]
[Date "2014.04.27"]
[Round "5"]
[White "Calvi, Luca"]
[Black "Cecchini, Massimo S."]
[WhiteElo "1769"]
[BlackElo "1749"]
[Result "1/2-1/2"]
[PlyCount "66"]
[EventDate "2014.04.25"]

1. d4 d5 2. c4 c6 3. Nc3 Nf6 4. Nf3 dxc4 5. e4 b5 6. e5 Nd5 7. a4 a6 8. axb5
Nxc3 9. bxc3 cxb5 10. Ng5 Bb7 11. e6 f5 12. Nf7 Qd5 13. Nxh8 Qxe6+ 14. Be3 f4
15. Qh5+ g6 16. Qxh7 fxe3 17. Qxg6+ Qxg6 18. Nxg6 Bh6 19. Ke2 exf2 20. Kxf2 Nd7
21. Re1 Bg5 22. h4 Bf6 23. h5 Kf7 24. Ne5+ Nxe5 25. dxe5 Bg5 26. Rh3 e6 27. Rd1
Bd5 28. Be2 Ke7 29. g3 Rf8+ 30. Ke1 Bh6 31. Ra1 Bb7 32. Rb1 Be4 33. Ra1 Bb7
1/2-1/2

[Event "XIII Festival Marco Gerolamo Vida B"]
[Site "Vescovato ITA"]
[Date "2014.04.27"]
[Round "5"]
[White "De Paoli, Emilio"]
[Black "Raimondi, Celso"]
[WhiteElo "1780"]
[BlackElo "1667"]
[Result "1/2-1/2"]
[PlyCount "129"]
[EventDate "2014.04.25"]

1. e4 c5 2. c3 d5 3. e5 e6 4. d4 c4 5. Nh3 Ne7 6. Na3 a6 7. Nc2 Nbc6 8. Bg5 Qc7
9. Ne3 h6 10. Bh4 b5 11. Be2 b4 12. O-O Qb6 13. Bh5 g6 14. Bf6 Rg8 15. Be2 Bg7
16. Ng4 h5 17. Bxg7 hxg4 18. Bf6 gxh3 19. g4 Bd7 20. f4 O-O-O 21. Rf3 Rh8 22.
Bxh8 Rxh8 23. Bf1 g5 24. Bxh3 gxf4 25. Kg2 Ng6 26. Kh1 a5 27. Bf1 Nd8 28. Rh3
Bc6 29. Rxh8 Nxh8 30. Bg2 Ng6 31. Qe1 Qb7 32. Rb1 Qe7 33. b3 cxb3 34. Qe2 Qb7
35. Rxb3 Ba4 36. Rb2 Nc6 37. Bf1 Na7 38. Qe1 Nc6 39. Qc1 Kd8 40. a3 Bb5 41.
Bxb5 Qxb5 42. axb4 axb4 43. Qa1 Kc7 44. Rb1 Qd3 45. cxb4 Qf3+ 46. Kg1 Qe3+ 47.
Kh1 Qe4+ 48. Kg1 Qxd4+ 49. Qxd4 Nxd4 50. Rc1+ Nc6 51. b5 Ngxe5 52. bxc6 Nxg4
53. h3 Nf6 54. h4 e5 55. Kf1 e4 56. Rc2 Nh5 57. Kf2 f5 58. Rc1 d4 59. Rc5 d3
60. Ke1 Ng3 61. h5 Nxh5 62. Rxf5 e3 63. Rxh5 f3 64. Rh2 Kxc6 65. Re2 1/2-1/2

[Event "XIII Festival Marco Gerolamo Vida B"]
[Site "Vescovato ITA"]
[Date "2014.04.27"]
[Round "5"]
[White "Folcini, Gaddo"]
[Black "Takahashi, Saera"]
[WhiteElo "1620"]
[BlackElo "1474"]
[Result "0-1"]
[PlyCount "70"]
[EventDate "2014.04.25"]

1. e4 c5 2. b4 cxb4 3. Bc4 e6 4. Nf3 Be7 5. O-O a6 6. a3 Nc6 7. axb4 Nxb4 8. c3
Nc6 9. d4 d5 10. exd5 exd5 11. Bd3 Be6 12. Ne5 Nf6 13. f4 Nxe5 14. fxe5 Nd7 15.
Qh5 Nf8 16. Ba3 Bxa3 17. Rxa3 Rb8 18. Nd2 Qe7 19. Ra2 h6 20. Nb3 Nd7 21. Raf2
O-O 22. Qd1 Rbc8 23. Qb1 Rxc3 24. Na5 Qg5 25. Bf5 Qe3 26. Kh1 Qxd4 27. Bxe6
fxe6 28. Rxf8+ Nxf8 29. Qxb7 Kh7 30. Qf7 Ng6 31. Qxe6 Qxe5 32. Qxa6 Re3 33. Nc6
Qe4 34. Qc8 Nh4 35. Qh3 Rxh3 0-1

[Event "XIII Festival Marco Gerolamo Vida B"]
[Site "Vescovato ITA"]
[Date "2014.04.27"]
[Round "5"]
[White "Leone, Cataldo"]
[Black "Jirillo, Antonio"]
[WhiteElo "1588"]
[BlackElo "1591"]
[Result "1/2-1/2"]
[PlyCount "33"]
[EventDate "2014.04.25"]

1. d4 Nf6 2. c4 d6 3. Nc3 g6 4. Nf3 Bg7 5. e3 O-O 6. Bd3 Nbd7 7. O-O c6 8. b3
Qc7 9. Bb2 e5 10. dxe5 dxe5 11. e4 Rd8 12. Qc2 Nc5 13. Rad1 Ne6 14. Ra1 Nc5 15.
Rad1 Ne6 16. Rc1 Nc5 17. Rcd1 1/2-1/2